000 00809nam a22002657a 4500
001 0000441
003 DO-SdBNP
005 20180124151733.0
007 0000441
008 160615b 2003 xxu||||| |||| 00| 0 spa d
020 _a9781889095011
040 _aBPMSU
_bspa
_cBPMSU
092 _axxxxx
_bxxxxx
100 1 _aCallender, Jeff
245 1 0 _aFactoring Small Receivables :
_bhow to make money in little deals the big guy brush off /
_cJeff Callender.
250 _a6a ed.
260 _aWashington :
_bDash Point,
_c2003.
300 _a418 p. :
_bil. ;
_c22 cm.
490 1 _aSmall factor series
_v2
830 0 _aSmall factor series
_v2
942 _2ddc
_cBK
945 _aInventariado, 2008 / BT
956 _2LOPEREZ
_310
_620160615
_8BPMSU
_a00041
956 _aBTAVAREZ
_b10
_d20180124
_fBPMSU
_h0038
999 _c10395
_d10395